|
|
|
|
| LEADER |
00000cam a2200000 7i4500 |
| 001 |
0000004145 |
| 005 |
20181226.0 |
| 020 |
0 |
0 |
|a 9789670622682
|
| 090 |
0 |
0 |
|a 581.9595
|b SIN 2016
|
| 245 |
1 |
0 |
|a Sinonim nama tempat dengan nama tumbuhan
|c M.Abd. Latif...[et.al]
|
| 260 |
0 |
0 |
|a Kuala Lumpur :
|b FRIM ,
|c 2016
|
| 300 |
|
|
|a 353 p. :
|b col. ill. ;
|c 24 cm.
|
| 650 |
0 |
0 |
|a Plant names, Popular
|z Malaysia
|
| 650 |
0 |
0 |
|a Plants---nomenclature
|
| 700 |
0 |
1 |
|a H.Othman
|
| 700 |
0 |
1 |
|a N. Zawiah
|
| 700 |
0 |
1 |
|a NM Nik Zanariah
|
| 700 |
0 |
1 |
|a Y.Ahmad Zuhaidi
|
| 999 |
|
|
|a 008041
|b Monograph
|c Open Shelf
|e Default branch
|